000 01570nam a22004577a 4500
001 0015612
003 KOHA_MİRAKIL
005 20260207002036.0
007 ta
008 100325b2001 tu |||gr||||#||||0|tur |
020 _a9755640266
_c0,01
040 _aTR-BiSEU
_btur
_cTR-BiSEU
_erda
041 0 _atur
044 _ctu
050 _aTJ265
_b.Y36 2001
100 1 _aYamankaradeniz, Recep.
245 1 _aMühendislik termodinamiğinin temelleri/
_cRecep Yamankaradeniz ; Recep Yamankaradeniz.
264 1 _aUludağ :
_bUludağ Üniversitesi Güçlendirme Vakfı
_c2001
300 _a2 c., 744 sayfa: resimli; 24 cm.
336 _ametin
_btxt
_2rdacontent
337 _aaracısız
_bn
_2rdamedia
338 _acilt
_bnc
_2rdacarrier
490 0 _aUludağ Üniversitesi Güçlendirme Vakfı yayın no.
490 0 _a95, 114.
490 0 _aU.Ü.İ.İ.
490 0 _aB.F.
490 0 _aİşletme İktisadı ve Muhasebe Araştırma ve Uygulama Merkezi yayın no.
490 0 _a96, 115
500 _aKaynakça ve dizin var.
650 0 _aTermodinamik.
_91696
650 0 _aTermodinamik--Problemler, alıştırmalar, vb.
_92572
650 0 _aThermodynamics.
_91697
650 0 _aThermodynamics--Problems, exercises, etc.
_93553
830 0 _aUludağ Üniversitesi Güçlendirme Vakfı yayın no.
_92243
830 0 _a95, 114.
_936216
830 0 _aU.Ü.İ.İ.
_936217
830 0 _aB.F.
_936218
830 0 _aİşletme İktisadı ve Muhasebe Araştırma ve Uygulama Merkezi yayın no.
_99334
830 0 _a96, 115
_936219
942 _2lcc
_cBK
999 _c15574
_d15574